[Event "Calgary int."]
[Site "Calgary CAN"]
[Date "2025.08.02"]
[Round "6.9"]
[White "Iyer, Abhinav"]
[Black "Darvekar, Yash"]
[Result "0-1"]
[WhiteElo "1882"]
[BlackElo "1934"]
[WhiteFideId "-1"]
[WhiteFideId "-1"]
[PlyCount "110"]
[GameId "2206548369309696"]
[EventDate "2025.07.31"]
[EventType "swiss"]
[EventRounds "9"]
[EventCountry "CAN"]

1. d4 d5 2. c4 c6 3. Nf3 Nf6 4. g3 Bf5 5. Bg2 h6 6. cxd5 cxd5 7. Qb3 Qb6 8. Qxb6 axb6 9. Nc3 e6 10. a3 Bb4 11. Bd2 Nc6 12. O-O Be7 13. Bf4 O-O 14. h3 Rfc8 15. b4 Nxd4 16. Nxd4 Rxc3 17. Nb5 Rc2 18. Nd4 Rc4 19. Nxf5 exf5 20. Be5 Rc2 21. e3 Ne4 22. Bxe4 fxe4 23. Rfc1 Rc6 24. Bd4 b5 25. Rxc6 bxc6 26. Rc1 Rxa3 27. Rxc6 Bxb4 28. Rc8+ Kh7 29. Rd8 Bc3 30. Rxd5 Bxd4 31. Rxd4 Ra4 32. Rd6 Rc4 33. Rb6 Rc1+ 34. Kg2 Rb1 35. h4 h5 36. Rb7 Kg6 37. Re7 f5 38. Re6+ Kf7 39. Rb6 b4 40. Rb7+ Kf6 41. Rb5 b3 42. Rb7 g6 43. Rb6+ Kf7 44. Rb7+ Ke6 45. Rc7 Ra1 46. Rb7 Rb1 47. Rc7 Ra1 48. Rb7 Ra3 49. Rb6+ Kd5 50. Rxg6 Kc4 51. Rc6+ Kd3 52. Rd6+ Kc2 53. Rc6+ Kb1 54. Kf1 b2 55. Ke2 Ka1 0-1

[Event "Calgary int."]
[Site "Calgary CAN"]
[Date "2025.08.02"]
[Round "6.10"]
[White "Zheng, Yanchen"]
[Black "Daniluk, Jim"]
[Result "1-0"]
[WhiteElo "1877"]
[BlackElo "1844"]
[WhiteFideId "-1"]
[WhiteFideId "-1"]
[PlyCount "45"]
[GameId "2206548369305600"]
[EventDate "2025.07.31"]
[EventType "swiss"]
[EventRounds "9"]
[EventCountry "CAN"]

1. e4 c5 2. Nf3 Nc6 3. b4 cxb4 4. d4 g6 5. a3 Bg7 6. axb4 Qb6 7. c3 Nf6 8. Bd3 d5 9. e5 Ne4 10. O-O f6 11. Bxe4 dxe4 12. exf6 exf3 13. fxg7 Rg8 14. Qxf3 Rxg7 15. Be3 Rf7 16. Qg3 Qb5 17. Na3 Qd5 18. Rfe1 Bf5 19. c4 Qd7 20. Nb5 Rc8 21. Bd2 Kf8 22. d5 Nxb4 23. Qc3 1-0

[Event "Calgary int."]
[Site "Calgary CAN"]
[Date "2025.08.03"]
[Round "7.1"]
[White "Ivanov, Mike"]
[Black "Mikhalevski, Victor"]
[Result "1/2-1/2"]
[WhiteElo "2383"]
[BlackElo "2499"]
[WhiteFideId "-1"]
[WhiteFideId "-1"]
[PlyCount "61"]
[GameId "2205094594224128"]
[EventDate "2025.07.31"]
[EventType "swiss"]
[EventRounds "9"]
[EventCountry "CAN"]
[TimeControl "90+30"]

1. e4 {[%eval 18,0] [%emt 0:00:00]} e5 {[%eval 22,0] [%emt 0:00:00]} 2. Nf3 {[%eval 13,0] [%emt 0:00:00]} Nc6 {[%eval 21,0] [%emt 0:00:00]} 3. Nc3 {[%eval 6,0] [%emt 0:00:00]} Nf6 {[%eval 7,0] [%emt 0:00:00]} 4. Bb5 {[%eval 4,0] [%emt 0:00:00]} Nd4 {[%eval 5,0] [%emt 0:00:00]} 5. Nxd4 {[%eval 3,0] [%emt 0:00:00]} exd4 {[%eval 7,0] [%emt 0:00:00]} 6. e5 {[%eval 3,0] [%emt 0:00:00]} dxc3 {[%eval 3,0] [%emt 0:00:00]} 7. exf6 {[%eval 8,0] [%emt 0:00:00]} Qxf6 {[%eval 2,0] [%emt 0:00:00]} 8. dxc3 {[%eval 3,0] [%emt 0:00:00]} Bc5 {[%eval 2,0] [%emt 0:00:00]} 9. Qe2+ {[%eval 8,0] [%emt 0:00:00]} Qe6 {[%eval 2,0] [%emt 0:00:00]} 10. O-O {[%eval 2,0] [%emt 0:00:00]} O-O {[%eval 6,0] [%emt 0:00:00]} 11. Bf4 {[%eval 1,0] [%emt 0:00:00]} d6 {[%eval 14,0] [%emt 0:00:00]} 12. Rfe1 {[%eval 11,0] [%emt 0:00:00]} Qf6 {[%eval 14,0] [%emt 0:00:00]} 13. Bg3 {[%eval 12,0] [%emt 0:00:00]} Be6 {[%eval 13,0] [%emt 0:00:00]} 14. Qh5 {[%eval 1,0] [%emt 0:00:00]} Qf5 {[%eval 1,0] [%emt 0:00:00]} 15. Qxf5 {[%eval 3,0] [%emt 0:00:00]} Bxf5 {[%eval 1,0] [%emt 0:00:00]} 16. Bd3 {[%eval 8,0] [%emt 0:00:00]} Bxd3 {[%eval 0,0] [%emt 0:00:00]} 17. cxd3 {[%eval 13,0] [%emt 0:00:00]} Rfe8 {[%eval 0,0] [%emt 0:00:00]} 18. Kf1 {[%eval 6,0] [%emt 0:00:00]} Kf8 {[%eval 16,0] [%emt 0:00:00]} 19. a4 {[%eval 5,0] [%emt 0:00:00]} a6 {[%eval 14,0] [%emt 0:00:00]} 20. Rxe8+ {[%eval 1,0] [%emt 0:00:00]} Kxe8 {[%eval 1,0] [%emt 0:00:00]} 21. d4 {[%eval 0,0] [%emt 0:00:00]} Ba7 {[%eval 12,0] [%emt 0:00:00]} 22. Re1+ {[%eval 0,0] [%emt 0:00:00]} Kd7 {[%eval 6,0] [%emt 0:00:00]} 23. Bf4 {[%eval 17,0] [%emt 0:00:00]} Re8 {[%eval 22,0] [%emt 0:00:00]} 24. Rxe8 {[%eval 0,0] [%emt 0:00:00]} Kxe8 {[%eval 0,0] [%emt 0:00:00]} 25. g4 {[%eval 0,0] [%emt 0:00:00]} Kd7 {[%eval 0,0] [%emt 0:00:00]} 26. d5 {[%eval 1,0] [%emt 0:00:00]} b5 {[%eval 0,0] [%emt 0:00:00]} 27. axb5 {[%eval 0,0] [%emt 0:00:00]} axb5 {[%eval 0,0] [%emt 0:00:00]} 28. Ke2 {[%eval 0,0] [%emt 0:00:00]} c6 {[%eval 0,0] [%emt 0:00:00]} 29. dxc6+ {[%eval 0,0] [%emt 0:00:00]} Kxc6 {[%eval 0,0] [%emt 0:00:00]} 30. f3 {[%eval 0,0] [%emt 0:00:00]} d5 {[%eval 0,0] [%emt 0:00:00]} 31. Kd3 {[%eval 0,0] [%emt 0:00:00]} 1/2-1/2

[Event "Calgary int."]
[Site "Calgary CAN"]
[Date "2025.08.03"]
[Round "7.2"]
[White "Thavandiran, Shiyam"]
[Black "Malek, Omid"]
[Result "1-0"]
[WhiteElo "2398"]
[BlackElo "2002"]
[WhiteFideId "-1"]
[WhiteFideId "-1"]
[PlyCount "101"]
[GameId "2206811519983616"]
[EventDate "2025.07.31"]
[EventType "swiss"]
[EventRounds "9"]
[EventCountry "CAN"]

1. e4 e6 2. d4 d5 3. Nc3 dxe4 4. Nxe4 Bd7 5. Nf3 Bc6 6. Bd3 Nd7 7. O-O Ngf6 8. Ng3 g6 9. b3 Bg7 10. Ba3 Bf8 11. Bxf8 Kxf8 12. c4 a5 13. Qe2 Kg7 14. Rad1 Bxf3 15. Qxf3 c6 16. Rfe1 Re8 17. Bb1 Qc7 18. h4 Rad8 19. h5 e5 20. Qe3 exd4 21. Qxd4 Ne5 22. Qf4 Rxd1 23. h6+ Kf8 24. Rxd1 Qe7 25. f3 Qc5+ 26. Kf1 Ned7 27. Ne4 Nxe4 28. Bxe4 Qe5 29. Qd2 Nc5 30. Qxa5 f5 31. b4 Nxe4 32. Qxe5 Rxe5 33. fxe4 Rxe4 34. Rd8+ Re8 35. Rxe8+ Kxe8 36. a4 g5 37. Ke2 Kd7 38. Ke3 c5 39. bxc5 Kc6 40. Kd4 f4 41. Ke5 Kxc5 42. Kf5 Kxc4 43. Kxg5 Kb4 44. Kf6 Kxa4 45. Kg7 b5 46. Kxh7 b4 47. Kg7 b3 48. h7 b2 49. h8=Q b1=Q 50. Qa8+ Kb3 51. Qb7+ 1-0

[Event "Calgary int."]
[Site "Calgary CAN"]
[Date "2025.08.03"]
[Round "7.3"]
[White "Bai, Jinghui"]
[Black "Doknjas, Neil"]
[Result "0-1"]
[WhiteElo "2031"]
[BlackElo "2225"]
[WhiteFideId "-1"]
[WhiteFideId "-1"]
[PlyCount "52"]
[GameId "2206811519987712"]
[EventDate "2025.07.31"]
[EventType "swiss"]
[EventRounds "9"]
[EventCountry "CAN"]

1. c4 e6 2. g3 d5 3. d4 Nf6 4. Bg2 Bb4+ 5. Bd2 Be7 6. Nf3 O-O 7. O-O h6 8. Qc2 c6 9. b3 b6 10. Bf4 Nbd7 11. Nbd2 Nh5 12. e4 Nxf4 13. gxf4 Nf6 14. Qd3 Bb7 15. Rad1 c5 16. cxd5 exd5 17. e5 Nh5 18. Qe3 Qc8 19. Ne1 Qg4 20. Nd3 Ba6 21. Rfe1 Bxd3 22. Kh1 cxd4 23. Qf3 Qxf3 24. Nxf3 Nxf4 25. Nxd4 Bc5 26. Bxd5 Rad8 0-1

[Event "Calgary int."]
[Site "Calgary CAN"]
[Date "2025.08.03"]
[Round "7.5"]
[White "Chandra, Anand Rishi"]
[Black "Ng, Gary"]
[Result "1-0"]
[WhiteElo "2169"]
[BlackElo "2234"]
[WhiteFideId "-1"]
[WhiteFideId "-1"]
[PlyCount "87"]
[GameId "2206811519995904"]
[EventDate "2025.07.31"]
[EventType "swiss"]
[EventRounds "9"]
[EventCountry "CAN"]

1. e4 c6 2. Nf3 d5 3. d3 Nd7 4. Qe2 dxe4 5. dxe4 e5 6. g3 Ngf6 7. Bg2 Bc5 8. O-O O-O 9. b3 Re8 10. Bb2 b5 11. Ne1 Qb6 12. Nd3 Bd6 13. h3 Bb7 14. Kh2 Rad8 15. Nd2 c5 16. c4 a6 17. f4 Re7 18. f5 Nb8 19. g4 Bc7 20. Nf2 Red7 21. Nf3 Nc6 22. Kh1 Ne8 23. g5 f6 24. Rad1 Nd4 25. Nxd4 exd4 26. Nd3 Qd6 27. Bf3 Re7 28. Rd2 Kh8 29. Rg1 Qb6 30. Rg4 Nd6 31. gxf6 gxf6 32. Nxc5 Nxf5 33. Nxb7 Qxb7 34. Qf2 Ng7 35. Bxd4 Be5 36. Bxe5 Rxd2 37. Qxd2 fxe5 38. Qd8+ Re8 39. Rxg7 Kxg7 40. Qxe8 Kf6 41. Qh8+ Ke6 42. Bg4+ Kd6 43. Qd8+ Kc5 44. Qd5+ 1-0

[Event "Calgary int."]
[Site "Calgary CAN"]
[Date "2025.08.03"]
[Round "7.6"]
[White "Taylor, Tristan"]
[Black "Alpuri, Aaqil"]
[Result "1/2-1/2"]
[WhiteElo "1973"]
[BlackElo "1998"]
[WhiteFideId "-1"]
[WhiteFideId "-1"]
[PlyCount "62"]
[GameId "2206811519995904"]
[EventDate "2025.07.31"]
[EventType "swiss"]
[EventRounds "9"]
[EventCountry "CAN"]

1. e4 c5 2. Nf3 d6 3. d4 cxd4 4. Nxd4 Nf6 5. Nc3 a6 6. Be2 e5 7. Nb3 Be7 8. O-O O-O 9. Be3 Be6 10. f3 Nc6 11. Nd5 Bxd5 12. exd5 Na5 13. Qd2 Nxb3 14. axb3 Nd7 15. b4 Qc7 16. c4 b6 17. Rfd1 Rfd8 18. Rac1 a5 19. Kh1 g6 20. g4 axb4 21. Qxb4 Nc5 22. Qc3 Ra2 23. Ra1 Qa7 24. b4 Ra8 25. Rxa2 Qxa2 26. Rd2 Qb1+ 27. Kg2 Nd7 28. Bd3 Qe1 29. Bf2 Qa1 30. Qc2 Bg5 31. Re2 Qa3 1/2-1/2

[Event "Calgary int."]
[Site "Calgary CAN"]
[Date "2025.08.03"]
[Round "7.7"]
[White "Wu, Jonathan"]
[Black "Srinivasan, Hemant"]
[Result "1-0"]
[WhiteElo "2130"]
[BlackElo "2097"]
[WhiteFideId "-1"]
[WhiteFideId "-1"]
[PlyCount "99"]
[GameId "2206811520000000"]
[EventDate "2025.07.31"]
[EventType "swiss"]
[EventRounds "9"]
[EventCountry "CAN"]

1. e4 c5 2. Nf3 Nc6 3. Bb5 g6 4. O-O Bg7 5. c3 e5 6. d4 cxd4 7. cxd4 exd4 8. Bf4 a6 9. Ba4 Nge7 10. Bd6 b5 11. Bb3 O-O 12. Nbd2 Na5 13. Bd5 Bb7 14. Rc1 Bc6 15. Nb3 Nb7 16. Be5 Bxd5 17. exd5 Bxe5 18. Nxe5 Nxd5 19. Qxd4 Nf6 20. Rfd1 d5 21. Rc6 Nd6 22. Qf4 Nh5 23. Qd4 Nc4 24. Ng4 Qg5 25. h4 Qf4 26. Nf6+ Kh8 27. Nxh5+ Qxd4 28. Rxd4 gxh5 29. Rxd5 Nxb2 30. Rxh5 Ra7 31. Nc5 a5 32. Ne4 f5 33. Ng5 Re8 34. Rf6 b4 35. Rxf5 Ree7 36. Rh6 a4 37. Rb6 b3 38. a3 Nc4 39. Rb8+ Kg7 40. Rf4 Nxa3 41. Ne4 Rab7 42. Rg4+ Kh6 43. Rc8 Rxe4 44. Rc6+ Kh5 45. Rxe4 b2 46. Re5+ Kxh4 47. g3+ Kg4 48. Kg2 Rb3 49. Rh6 Rxg3+ 50. fxg3 1-0

[Event "Calgary int."]
[Site "Calgary CAN"]
[Date "2025.08.03"]
[Round "7.8"]
[White "Wu, Nathan Ping-Ying"]
[Black "Zheng, Yanchen"]
[Result "1/2-1/2"]
[WhiteElo "1879"]
[BlackElo "1877"]
[WhiteFideId "-1"]
[WhiteFideId "-1"]
[PlyCount "69"]
[GameId "2206811520004096"]
[EventDate "2025.07.31"]
[EventType "swiss"]
[EventRounds "9"]
[EventCountry "CAN"]

1. d4 Nf6 2. Bf4 c5 3. d5 d6 4. Nc3 e5 5. Bg5 Be7 6. Bxf6 Bxf6 7. e4 O-O 8. Nf3 a6 9. a4 Nd7 10. Be2 Re8 11. O-O Nf8 12. Nd2 Ng6 13. Nc4 Rb8 14. a5 Qc7 15. Bg4 Ne7 16. Na4 g6 17. c3 Bg7 18. Bxc8 Nxc8 19. Qd2 Rf8 20. Rac1 Qd8 21. b4 cxb4 22. cxb4 Qh4 23. Qe2 f5 24. Ncb6 Nxb6 25. Nxb6 Rf7 26. f3 fxe4 27. fxe4 Rbf8 28. g3 Qg5 29. Kg2 h5 30. Rxf7 Rxf7 31. Rc3 Bh6 32. Nc4 Qd8 33. Nb6 Qg5 34. Nc4 Qd8 35. Nb6 1/2-1/2

[Event "Calgary int."]
[Site "Calgary CAN"]
[Date "2025.08.03"]
[Round "7.9"]
[White "Darvekar, Yash"]
[Black "Prianichnikov, Michael"]
[Result "1-0"]
[WhiteElo "1934"]
[BlackElo "1843"]
[WhiteFideId "-1"]
[WhiteFideId "-1"]
[PlyCount "77"]
[GameId "2206811520004096"]
[EventDate "2025.07.31"]
[EventType "swiss"]
[EventRounds "9"]
[EventCountry "CAN"]

1. e4 e6 2. d4 d5 3. e5 c5 4. c3 Nc6 5. Nf3 Bd7 6. Be2 f6 7. O-O Qc7 8. Re1 O-O-O 9. Bf1 h6 10. Na3 a6 11. Bd2 c4 12. Nc2 g5 13. b3 cxb3 14. axb3 f5 15. c4 Nge7 16. b4 dxc4 17. Bxc4 Ng6 18. Re3 b5 19. Bf1 Kb7 20. Rea3 Nb8 21. Rc3 Bc6 22. Rc1 Ne7 23. Na1 Nd5 24. R3c2 Qb6 25. Nb3 Rc8 26. Ne1 Be7 27. Nd3 Rhe8 28. g3 Ka8 29. Bg2 Bb7 30. Qh5 Bf8 31. Rxc8 Rxc8 32. Rxc8 Bxc8 33. Qe8 Qc6 34. Qxf8 Qc2 35. Ndc5 Bb7 36. Nxb7 Qxb3 37. Nc5 Qd1+ 38. Bf1 Qxd2 39. Qf7 1-0

[Event "Calgary int."]
[Site "Calgary CAN"]
[Date "2025.08.03"]
[Round "7.10"]
[White "Dave, Bhavik"]
[Black "Iyer, Abhinav"]
[Result "0-1"]
[WhiteElo "1805"]
[BlackElo "1882"]
[WhiteFideId "-1"]
[WhiteFideId "-1"]
[PlyCount "108"]
[GameId "2206812002353152"]
[EventDate "2025.07.31"]
[EventType "swiss"]
[EventRounds "9"]
[EventCountry "CAN"]

1. d4 Nf6 2. c4 g6 3. Nc3 Bg7 4. e4 d6 5. Nf3 O-O 6. Be2 Nbd7 7. O-O e5 8. dxe5 Nxe5 9. Nxe5 dxe5 10. Qxd8 Rxd8 11. Bg5 c6 12. f4 Re8 13. Rad1 h6 14. Bxf6 Bxf6 15. f5 Bg5 16. g4 Be3+ 17. Kg2 Bd4 18. Kf3 Bd7 19. Rd3 Rad8 20. Rfd1 gxf5 21. exf5 c5 22. Ne4 Bc6 23. R3d2 a6 24. Bd3 b5 25. h4 Rb8 26. g5 h5 27. Kg3 Bxe4 28. Bxe4 bxc4 29. Bd5 Kg7 30. f6+ Kf8 31. Bxc4 e4 32. b3 e3 33. Re2 a5 34. a4 Re4 35. Rd3 Rg4+ 36. Kh3 Re8 37. Bd5 Kg8 38. Bf3 Rg1 39. Kh2 Rf1 40. Bxh5 Rf2+ 41. Rxf2 exf2 42. Kg2 Re1 43. Rf3 Rg1+ 44. Kh3 f1=Q+ 45. Rxf1 Rxf1 46. Be2 Rh1+ 47. Kg4 Rg1+ 48. Kf5 Rg2 49. Bc4 Rf2+ 50. Kg4 Bxf6 51. Kg3 Bd4 52. g6 Rf6 53. Bxf7+ Rxf7 54. gxf7+ Kxf7 0-1

[Event "Calgary int."]
[Site "Calgary CAN"]
[Date "2025.08.03"]
[Round "8.1"]
[White "Mikhalevski, Victor"]
[Black "Wu, Jonathan"]
[Result "1-0"]
[WhiteElo "2499"]
[BlackElo "2130"]
[WhiteFideId "-1"]
[WhiteFideId "-1"]
[PlyCount "61"]
[GameId "2206911197646848"]
[EventDate "2025.07.31"]
[EventType "swiss"]
[EventRounds "9"]
[EventCountry "CAN"]

1. d4 Nf6 2. c4 g6 3. Nc3 Bg7 4. e4 d6 5. Be2 O-O 6. Nf3 Na6 7. O-O e5 8. Be3 Qe7 9. dxe5 dxe5 10. Nd5 Qd8 11. Qc2 c6 12. Nxf6+ Bxf6 13. c5 Nc7 14. Rad1 Qe7 15. h3 Ne6 16. Qc3 Ng5 17. Bxg5 Bxg5 18. Qxe5 Qxe5 19. Nxe5 Re8 20. f4 Bf6 21. Bc4 Be6 22. Bxe6 Rxe6 23. Rd7 Be7 24. Rxb7 Bxc5+ 25. Kh1 Rd8 26. Nxf7 Rd2 27. Nh6+ Kh8 28. e5 Re8 29. Nf7+ Kg8 30. Ng5 Bb6 31. Ne4 1-0

[Event "Calgary int."]
[Site "Calgary CAN"]
[Date "2025.08.03"]
[Round "8.2"]
[White "Chandra, Anand Rishi"]
[Black "Thavandiran, Shiyam"]
[Result "1/2-1/2"]
[WhiteElo "2169"]
[BlackElo "2398"]
[WhiteFideId "-1"]
[WhiteFideId "-1"]
[PlyCount "91"]
[GameId "2219062546726896"]
[EventDate "2025.07.31"]
[EventType "swiss"]
[EventRounds "9"]
[EventCountry "CAN"]

1. e4 e6 2. d4 d5 3. Nd2 c5 4. Ngf3 cxd4 5. Nxd4 Nc6 6. Bb5 Bd7 7. Nxc6 bxc6 8. Bd3 Bd6 9. Qe2 Ne7 10. O-O Qc7 11. h3 Ng6 12. Nf3 O-O 13. c4 dxe4 14. Bxe4 f5 15. Bc2 Rae8 16. Rd1 Bc8 17. h4 c5 18. h5 Nf4 19. Bxf4 Bxf4 20. Re1 Bb7 21. Ba4 Re7 22. Rad1 e5 23. g3 Bxg3 24. fxg3 e4 25. Qf2 exf3 26. Rxe7 Qxe7 27. Rd7 Qe4 28. Bc2 Qc6 29. Re7 Ba8 30. Qe3 h6 31. Kf2 Qf6 32. Re5 Qd6 33. Bxf5 Qd1 34. Re8 Qe2+ 35. Qxe2 fxe2 36. Rxf8+ Kxf8 37. Kxe2 Ke7 38. Ke3 Bc6 39. Kf4 Kf6 40. Be4 Be8 41. g4 a5 42. Bd5 Bd7 43. Be4 Be6 44. Bd5 Bd7 45. Be4 Be6 46. Bd5 1/2-1/2

[Event "Calgary int."]
[Site "Calgary CAN"]
[Date "2025.08.03"]
[Round "8.3"]
[White "Doknjas, Neil"]
[Black "Ivanov, Mike"]
[Result "1/2-1/2"]
[WhiteElo "2225"]
[BlackElo "2383"]
[WhiteFideId "-1"]
[WhiteFideId "-1"]
[PlyCount "190"]
[GameId "2206911197655040"]
[EventDate "2025.07.31"]
[EventType "swiss"]
[EventRounds "9"]
[EventCountry "CAN"]

1. Nf3 Nf6 2. d4 d6 3. Nc3 g6 4. e4 Bg7 5. Be3 Bg4 6. Qd2 c6 7. Bh6 Bxh6 8. Qxh6 Bxf3 9. gxf3 Qa5 10. O-O-O Qh5 11. Qe3 Nbd7 12. Kb1 c5 13. Bb5 cxd4 14. Qxd4 O-O 15. Bxd7 Nxd7 16. Nd5 Qh4 17. Rhg1 Ne5 18. Qe3 e6 19. Nc3 Rfd8 20. f4 Nc4 21. Qd3 Rac8 22. b3 Nb6 23. f5 Qf6 24. Rg3 Rc5 25. f4 exf5 26. e5 Qh4 27. Qd4 Qxh2 28. Rdg1 Qh6 29. exd6 Rc6 30. Qe5 Rcxd6 31. Qxf5 Qg7 32. Qh3 Nd5 33. Nxd5 Rxd5 34. Rc3 Qf6 35. Qf3 Rd1+ 36. Rxd1 Rxd1+ 37. Kb2 Rd7 38. Kb1 Kg7 39. Rd3 Re7 40. Rd1 h5 41. a4 Rc7 42. Qe4 b6 43. Rg1 Rc5 44. Rg2 Rf5 45. Rf2 h4 46. Qe3 h3 47. Qxh3 Rxf4 48. Rxf4 Qxf4 49. Qc3+ Qf6 50. Qc7 a5 51. c4 Qf1+ 52. Kc2 Qe2+ 53. Kc3 Qe3+ 54. Kc2 g5 55. Qd7 Qe4+ 56. Kd2 Qe5 57. Qd8 Qb2+ 58. Ke1 Qe5+ 59. Kd2 Qc5 60. Qd7 Kg6 61. Qe8 Kf6 62. Qh8+ Ke7 63. Qg7 Ke6 64. Qh6+ f6 65. Qh3+ Ke7 66. Qh7+ Kd6 67. Qd3+ Kc7 68. Qh7+ Kc8 69. Qh8+ Kd7 70. Qh3+ Kd8 71. Qh8+ Kc7 72. Qh7+ Kc6 73. Qe4+ Kd6 74. Qd3+ Ke5 75. Qe2+ Kf5 76. Qd3+ Ke6 77. Qh3+ f5 78. Qh6+ Ke5 79. Qxg5 Qf2+ 80. Kd3 Qd4+ 81. Kc2 Qe4+ 82. Kc3 Qe1+ 83. Kd3 Qd1+ 84. Kc3 Qf3+ 85. Kc2 Qf2+ 86. Kd3 Qf1+ 87. Kc3 Qa1+ 88. Kc2 Qd4 89. Qe7+ Kf4 90. Qh4+ Ke3 91. Qh3+ Ke4 92. Qh1+ Kf4 93. Qh4+ Ke3 94. Qh3+ Ke4 95. Qh1+ Ke5 1/2-1/2

[Event "Calgary int."]
[Site "Calgary CAN"]
[Date "2025.08.03"]
[Round "8.5"]
[White "Komarov, Dimitri"]
[Black "Bai, Jinghui"]
[Result "1-0"]
[WhiteElo "2406"]
[BlackElo "2031"]
[WhiteFideId "-1"]
[WhiteFideId "-1"]
[PlyCount "117"]
[GameId "2206911197667328"]
[EventDate "2025.07.31"]
[EventType "swiss"]
[EventRounds "9"]
[EventCountry "CAN"]

1. d4 Nf6 2. c4 e6 3. Nf3 d5 4. Nc3 Be7 5. Bg5 O-O 6. e3 dxc4 7. Bxc4 c5 8. Qe2 Nbd7 9. dxc5 Nxc5 10. Rd1 Qc7 11. Bf4 Qa5 12. O-O a6 13. Ne5 Ncd7 14. Nxf7 Rxf7 15. Bxe6 Nf8 16. Bxf7+ Kxf7 17. e4 Ng6 18. Bg3 Bg4 19. f3 Be6 20. e5 Nh5 21. f4 Nxg3 22. hxg3 Qc5+ 23. Rf2 Qc8 24. f5 Kg8 25. fxg6 Bc5 26. gxh7+ Kh8 27. Rd2 Qc7 28. Kh2 Bxf2 29. Qxf2 Qxe5 30. Qf4 Qh5+ 31. Qh4 Qxh7 32. Re2 Bf7 33. Re7 Bc4 34. Rxb7 Rd8 35. Rb4 Bd3 36. Kg1 Rf8 37. Rf4 Rc8 38. Rd4 Qxh4 39. gxh4 Bf5 40. Kf2 Rb8 41. b3 Kg8 42. Nd5 Kf7 43. Ne3 Be6 44. Ra4 Ra8 45. Ra5 Ke7 46. Nf5+ Kf6 47. Nd4 Bc8 48. h5 Rb8 49. Rc5 Bb7 50. Rf5+ Ke7 51. Rc5 Kd6 52. Rg5 Rf8+ 53. Kg3 Rf1 54. Rxg7 Be4 55. Rg4 Kd5 56. Nf3 Ra1 57. h6 Bf5 58. Rg5 Ke4 59. Rxf5 1-0

[Event "Calgary int."]
[Site "Calgary CAN"]
[Date "2025.08.03"]
[Round "8.6"]
[White "Malek, Omid"]
[Black "Taylor, Tristan"]
[Result "1/2-1/2"]
[WhiteElo "2002"]
[BlackElo "1973"]
[WhiteFideId "-1"]
[WhiteFideId "-1"]
[PlyCount "106"]
[GameId "2206911197671424"]
[EventDate "2025.07.31"]
[EventType "swiss"]
[EventRounds "9"]
[EventCountry "CAN"]

1. e4 c5 2. c4 Nc6 3. Nc3 g6 4. g3 Bg7 5. Bg2 e6 6. Nge2 Nge7 7. d3 O-O 8. h4 a6 9. a4 Nd4 10. O-O d5 11. cxd5 exd5 12. Nxd4 cxd4 13. Nxd5 Nxd5 14. exd5 Qb6 15. b3 Bf5 16. g4 Bd7 17. Bf4 Rac8 18. Re1 Rc3 19. Rb1 Qd8 20. Bg3 Qc8 21. Bf3 Qc5 22. Bf4 Bf6 23. g5 Bd8 24. b4 Qb6 25. Be4 Re8 26. a5 Qb5 27. Qf3 b6 28. axb6 Qxb6 29. d6 Qb5 30. Kg2 Rxe4 31. Rxe4 Rxd3 32. Qe2 Bc6 33. f3 h6 34. Re1 Kh7 35. h5 Bxg5 36. hxg6+ Kxg6 37. Bxg5 Qxg5+ 38. Kf2 Rd2 39. Rg4 Qxg4 40. fxg4 Rxe2+ 41. Rxe2 f5 42. Kg3 fxg4 43. Kxg4 d3 44. Rd2 Bb5 45. Kf4 Kf6 46. d7 Ke7 47. Ke3 Kxd7 48. Rh2 Kd6 49. Rxh6+ Kd5 50. Rh4 Kd6 51. Kd2 Kd5 52. Kc3 Kd6 53. Rd4+ Ke5 1/2-1/2

[Event "Calgary int."]
[Site "Calgary CAN"]
[Date "2025.08.03"]
[Round "8.7"]
[White "Srinivasan, Hemant"]
[Black "Darvekar, Yash"]
[Result "1/2-1/2"]
[WhiteElo "2097"]
[BlackElo "1934"]
[WhiteFideId "-1"]
[WhiteFideId "-1"]
[PlyCount "171"]
[GameId "2205094682361856"]
[EventDate "2025.07.31"]
[EventType "swiss"]
[EventRounds "9"]
[EventCountry "CAN"]

1. d4 d5 2. c4 c6 3. Nc3 Nf6 4. Nf3 e6 5. e3 Nbd7 6. Bd3 dxc4 7. Bxc4 b5 8. Bd3 Bb7 9. O-O a6 10. e4 c5 11. d5 Qc7 12. Re1 c4 13. dxe6 fxe6 14. e5 O-O-O 15. exf6 Nxf6 16. Ne5 Bd6 17. Bf4 Bxe5 18. Bxe5 Qc6 19. f3 Ng4 20. Bg3 Rxd3 21. Qe2 Qc5+ 22. Kh1 Re3 23. Qf1 Rf8 24. Rxe3 Qxe3 25. Re1 Qd2 26. Qg1 Nf2+ 27. Qxf2 Qxf2 28. Bxf2 b4 29. Ne4 Rd8 30. h4 Bd5 31. Bc5 b3 32. axb3 cxb3 33. Bb6 Rf8 34. Rc1+ Kb7 35. Bc5 Rf4 36. Nd6+ Ka8 37. Bf2 Rf8 38. Rc7 Rd8 39. Bg3 a5 40. Nc8 Bb7 41. Nb6+ Ka7 42. Nd7 a4 43. Bf2+ Ka8 44. Nb6+ Kb8 45. Bg3 a3 46. Rd7+ Ka7 47. Rxd8 a2 48. Rd1 Kxb6 49. Be5 g6 50. Kh2 Ba6 51. Kg3 Be2 52. Ra1 Kc5 53. Kf4 Bd3 54. Kg5 Kd5 55. Bc3 e5 56. Kh6 e4 57. fxe4+ Kxe4 58. g4 Kf3 59. g5 Kg4 60. Be1 Bb1 61. Kxh7 Kh5 62. Kg7 Bd3 63. Kf6 Kg4 64. Ke5 Kf3 65. Kd4 Bc2 66. Kc3 Ke4 67. Kb4 Kd3 68. Ka3 Kc4 69. Bc3 Bb1 70. Bf6 Bc2 71. Rxa2 bxa2 72. Kxa2 Bd1 73. Kb1 Kb3 74. Kc1 Bh5 75. Kd2 Bg4 76. Ke3 Bh5 77. Ke4 Bg4 78. Kd5 Bf3+ 79. Ke6 Bg4+ 80. Kf7 Bh5 81. Bc3 Kc4 82. b4 Kb5 83. Ke6 Bg4+ 84. Ke5 Bd1 85. Kd6 Be2 86. Ke5 1/2-1/2

[Event "Calgary int."]
[Site "Calgary CAN"]
[Date "2025.08.03"]
[Round "8.8"]
[White "Iyer, Abhinav"]
[Black "Wu, Nathan Ping-Ying"]
[Result "0-1"]
[WhiteElo "1882"]
[BlackElo "1879"]
[WhiteFideId "-1"]
[WhiteFideId "-1"]
[PlyCount "50"]
[GameId "2206913148030976"]
[EventDate "2025.07.31"]
[EventType "swiss"]
[EventRounds "9"]
[EventCountry "CAN"]

1. d4 d5 2. c4 dxc4 3. e3 a6 4. Bxc4 e6 5. Nf3 Nf6 6. Nc3 c5 7. O-O b5 8. Bd3 cxd4 9. Nxd4 Bb7 10. Qe2 Nbd7 11. Bd2 Be7 12. Rac1 O-O 13. Rfd1 Nc5 14. Bb1 b4 15. Be1 Qb6 16. f3 bxc3 17. Bxc3 Rac8 18. Qf2 Na4 19. Qg3 Nxc3 20. bxc3 Rfd8 21. Qh3 Ba3 22. Rc2 e5 23. Rcd2 exd4 24. cxd4 Bc1 25. Rd3 Qxb1 0-1

[Event "Calgary int."]
[Site "Calgary CAN"]
[Date "2025.08.03"]
[Round "8.9"]
[White "Prianichnikov, Michael"]
[Black "Zheng, Yanchen"]
[Result "1/2-1/2"]
[WhiteElo "1843"]
[BlackElo "1877"]
[WhiteFideId "-1"]
[WhiteFideId "-1"]
[PlyCount "60"]
[GameId "2206920609701888"]
[EventDate "2025.07.31"]
[EventType "swiss"]
[EventRounds "9"]
[EventCountry "CAN"]

1. e4 c5 2. Nf3 e6 3. d4 cxd4 4. Nxd4 Nc6 5. Nc3 Qc7 6. f4 a6 7. Be3 d6 8. Qf3 Nf6 9. Bd3 Bd7 10. O-O b5 11. a3 Be7 12. Kh1 O-O 13. Rae1 Rac8 14. Nxc6 Bxc6 15. Qh3 e5 16. fxe5 dxe5 17. Bg5 Qd7 18. Qh4 Bd8 19. Nd5 Bxd5 20. exd5 e4 21. Bxe4 Nxe4 22. Bxd8 Rfxd8 23. Rxe4 Qxd5 24. Rfe1 h6 25. R4e2 Qf5 26. Qf2 Qg6 27. h3 Kh7 28. c3 Rd7 29. Rd2 Rcd8 30. Red1 Rxd2 1/2-1/2